Statistics for Countries With the Best Football Players (2017)

Click here to take the quiz!

General Stats

  • This quiz has been taken 84 times
  • The average score is 14 of 18

Answer Stats

PlayersPointsCountry% Correct
Neymar (98), Marcelo (82), Philippe Coutinho (77), Dani Alves (75), Casemiro (73), Gabriel Jesus (62), Thiago Silva (25), David Luiz (18), Alex Sandro (11) & Fabinho (10)531Brazil
99%
Lionel Messi (100), Paulo Dybala (87), Sergio Agüero (81), Mauro Icardi (68), Gonzalo Higuaín (67) & Ángel Di María (1)404Argentina
97%
Sergio Ramos (90), Isco (89), David de Gea (78), Andrés Iniesta (72), David Silva (63), Marco Asensio (59), Sergio Busquets (55), Álvaro Morata (54), Thiago Alcântara (52), César Azpilicueta (49), Gerard Piqué (43), Diego Costa (33), Saúl Ñíguez (21), Dani Carvajal (15), Koke (13), Jordi Alba (12) & Cesc Fàbregas (8)806Spain
96%
Toni Kroos (92), Manuel Neuer (61), Timo Werner (47), Marc-André ter Stegen (46), Leroy Sané (40), Joshua Kimmich (37), Mesut Özil (34) & Mats Hummels (31)388Germany
96%
Kylian Mbappé (93), N'Golo Kanté (84), Antoine Griezmann (83), Paul Pogba (71), Karim Benzema (50), Ousmane Dembélé (42), Samuel Umtiti (28), Hugo Lloris (20), Thomas Lemar (14), Raphaël Varane (6), Benjamin Mendy (4) & Adrien Rabiot (2)497France
95%
Harry Kane (96), Dele Alli (70), Raheem Sterling (39), Marcus Rashford (26) & Jamie Vardy (5)236England
95%
Cristiano Ronaldo (99) & Bernardo Silva (17)116Portugal
93%
Kevin De Bruyne (97), Eden Hazard (91), Dries Mertens (74), Romelu Lukaku (64), Thibaut Courtois (36), Radja Nainggolan (29) & Toby Alderweireld (19)410Belgium
88%
Gianluigi Buffon (85), Lorenzo Insigne (57), Leonardo Bonucci (56), Marco Verratti (53), Giorgio Chiellini (45) & Ciro Immobile (30)326Italy
87%
Robert Lewandowski (94)94Poland
84%
Zlatan Ibrahimovic (41) & Emil Forsberg (32)73Sweden
83%
Edinson Cavani (88), Luis Suárez (86) & Diego Godín (38)212Uruguay
79%
Alexis Sánchez (69) & Arturo Vidal (35)104Chile
73%
Christian Eriksen (76)76Denmark
68%
Luka Modric (95), Ivan Rakitic (44) & Mario Mandzukic (3)142Croatia
65%
Mohamed Salah (79)79Egypt
59%
Edin Dzeko (58) & Miralem Pjanic (16)74Bosnia and Herzegovina
29%
Pierre-Emerick Aubameyang (80)80Gabon
4%

Score Distribution

Percentile by Number Answered

Percent of People with Each Score

Your Score History

You have not taken this quiz